000 00624nam a2200241Ia 4500
003 OSt
005 20221005081913.0
006 a|||||r|||| 00| 0
007 ta
008 221004b |||||||| |||| 00| 0 eng d
020 _a0761994270
024 _a35039
037 _cTextual
040 _aCRL
_cCRL
_beng
041 _2eng
_aeng
082 _a4.4, P0
245 0 _aHandbook of the media in Asia Ed by Shelton A. Gunaratne
260 _aNew Delhi
_bSage Publications India
_c2000
300 _a722p.
_ccm.
650 _aJOUNRALISM
_93876
942 _h4.4, P0
_cTEXL
_2cc
999 _c988445
_d988445